000 00660nam a2200181 a 4500
001 000028602
005 20200930055031.0
008 110411s2003 dr c 000 0 spa d
040 _aDO-SdBNP
_bspa
_cBNPHU
082 _axxxx
_bS237e
100 1 _aSantos, Bielinski M.
_955556
245 1 0 _aExperiencias locales en la producción de semilla básica de papa. /
_cBielinski M. Santos, Persio R. Rodríguez.
260 _aConstanza, República Dominicana :
_bIDIAF,
_c2003.
300 _a10 p. :
_bretrs. ;
_c21 cm.
700 1 _aRodríguez, Persio R.
_955557
710 1 _aInstituto dominicano de investigaciones agropecuarias y forestales.
_9299
049 _aBNPD
999 _c28094
_d28094